Tinc un adolescent a casa : guia per a una convivència saludable guia per a una convivència saludable
Publicado:
Barcelona :
Diputació de Barcelona. Àrea de Salut Pública i Consum. Servei de Salut Pública ,
2009
Descripción Física:
28 p. : il. ; 21 cm
MARC
| LEADER | 00000nam a2200000Ia 4500 | ||
|---|---|---|---|
| 001 | 23893 | ||
| 008 | 160829s2009 xx 000 0 cat d | ||
| 080 | |a FU-62-64 | ||
| 245 | |a Tinc un adolescent a casa : |b guia per a una convivència saludable | ||
| 260 | |a Barcelona : |b Diputació de Barcelona. Àrea de Salut Pública i Consum. Servei de Salut Pública, |c 2009 | ||
| 300 | |a 28 p. : |b il. ; |c 21 cm | ||
| 650 | |a Adolescència |9 31741 | ||
| 650 | |a Adolescents |x Relacions familiars |9 50475 | ||
| 650 | |a Pares i adolescents |9 50476 | ||
| 710 | |a Barcelona (Catalunya : Província). |b Servei de Salut Pública |9 52202 | ||
| 901 | |a Arxiu | ||
| 942 | |n 1 | ||
| 952 | |0 0 |1 0 |4 0 |6 FU6264 |7 1 |9 56053 |a Arxiu |b Arxiu |d 2016-12-01 |l 0 |o FU-62-64 |p 23893 |r 2016-12-01 00:00:00 |w 2016-12-01 |y ARXIU | ||
| 999 | |c 59927 |d 59927 | ||